000
00311nam a2200109Ia 4500
008
171204s9999 xx 000 0 und d
245
2
_a
A Metaphysics of Psychopathology:
245
_c
Peter Zachar
260
_c
2014
650
_x
ADVANCED PSYCHOPATHOLOGY
856
_u
http://down.ebook777.com/052/0262027046.pdf
999
_c
346883
_d
346883